000 00311nam a22001337a 4500
008 171101b xxu||||| |||| 00| 0 eng d
020 _a9280810642
041 _aeng
080 _22ND
_a339
100 _a59
101 _aTRE
245 _aTRADE, ENVIRONMENT, AND THE MILLENNIUM
_cSAMPSON,G.P
942 _2udc
_cBK
999 _c37065
_d37065